|
|
|
|
| LEADER |
00000nab a2200000 r4500 |
| 001 |
vtls012002521 |
| 003 |
SK-MaSNL |
| 005 |
20260426071545.0 |
| 008 |
201109c2009 xo |||p|||an |100 b|slo |
| 015 |
|
|
|a SNBRA2020/11
|
| 038 |
|
|
|a SPK
|
| 040 |
|
|
|a SPKCL
|b slo
|e rda
|
| 041 |
0 |
|
|a slo
|b eng
|
| 043 |
|
|
|a e-xo---
|
| 044 |
|
|
|a xo
|c SK
|
| 072 |
|
7 |
|a 37
|x Výchova a vzdelávanie
|2 konspekt
|
| 080 |
|
|
|a 37.013-028.79
|x (437.6)
|2 2011
|
| 100 |
1 |
|
|a Kaščák, Ondrej,
|d 1978-
|4 aut
|9 209929
|
| 245 |
1 |
0 |
|a Kauza Waldorf na Slovensku
|c Ondrej Kaščák, Branislav Pupala, Zuzana Humajová-Zimenová
|
| 246 |
3 |
1 |
|a The case of Waldorf in Slovakia
|
| 300 |
|
|
|b Tabuľky
|
| 336 |
|
|
|a text
|b txt
|2 rdacontent
|
| 337 |
|
|
|a počítač
|b c
|2 rdamedia
|
| 338 |
|
|
|a online zdroj
|b cr
|2 rdacarrier
|
| 504 |
|
|
|a Obsahuje bibliografiu
|
| 546 |
|
|
|a Anglické resumé
|
| 650 |
0 |
7 |
|a waldorfská pedagogika
|2 SNKPH
|9 30076
|
| 651 |
|
7 |
|a Slovensko
|2 SNKPHgeo
|9 14231
|
| 655 |
|
7 |
|a BZB
|2 SNKPH
|9 1080216
|
| 700 |
1 |
|
|a Pupala, Branislav,
|d 1965-
|4 aut
|9 233082
|
| 700 |
1 |
|
|a Humajová - Zimenová, Zuzana
|4 aut
|9 1326464
|
| 773 |
0 |
|
|t Acta Facultatis Paedagogicae Universitatis Tyrnaviensis : Séria D Vedy o výchove a vzdelávaní
|d Trnava : Trnavská univerzita, 2009
|g S. 8-28
|z 9788080821111
|
| 852 |
|
|
|a SPK
|b KIS3GCP
|
| 958 |
|
|
|a NB
|
| 999 |
|
|
|c 2679698
|d 2681628
|